Statystyki dla Od Jakiej Gry To Skrót? #2

Kliknij tutaj aby rozwiązać quiz!

Ogólne statystyki

  • Ten quiz został rozwiązany 2 008 razy
  • Średni wynik to 4 z 14

Statystyki odpowiedzi

SkrótGra/Seria% Poprawnych
MCMinecraft
97%
S&FShakes and Fidget
50%
R6STom Clancy's Rainbow Six Siege
49%
PUBGPlayerUnknown’s Battlegrounds
41%
RLRocket League
29%
CRClash Royale
25%
DSJDeluxe Ski Jump
23%
MoHMedal of Honor
23%
CoCClash of Clans
22%
WTWar Thunder
22%
FoEForge of Empires
20%
AoWAge of Wonders
15%
KCDKingdom Come: Deliverance
7%
GSGimper Simulator
1%

Rozkład punktacji

Percentyl według liczby udzielonych odpowiedzi

Procent ludzi z każdym wynikiem

Twoja historia wyników

Nie rozwiązałeś tego quizu